00615nam a2200145Ia 4500008004100000020005500041040000800096082001500104245013000119260000900249264007700258942001300335952010400348999001700452231129s2012||||xx |||||||||||||| ||spa|| a978-958-8181-78-3  bspa a930.1 I43i 0aInformación temática sobre bibliografí­a arqueológica en siete zonas de Colombia: registro de sitios arqueológicos c2012 aBogotá Colombia : Instituto Colombiano de Antropologí­a e Historia 2ddccBKS 00102ddc4070aBRCbBRCd2018-04-27l0o930.1 I43ip40847r2023-11-29 21:15:18t1w2023-11-29yBK c15662d15662